[Zálohovanie plastových obalov]

Bibliographic Details
Main Authors: Hinková-Dibarborová, Andrea (Author, ain), Ďurček, Adrián (Author, uin), Krasnec, Peter, 1974- (Author, uin), Šikula, Martin (Author, uin)
Format: Article
Language:Slovak
PhysicalDescription:Fotogr.
ISSN:1335-2008
Subjects:

MARC

LEADER 00000nab a2200000 a 4500
001 vtls000848516
003 SK-MaSNL
005 20260303165356.0
008 180206c2003 xo 0 slo
015 |a SNBRB2003/10-28562 
035 |a CLN000200171 
040 |a SNKBUCL  |b slo  |c SNKBUCL  |e AACR2 
041 0 |a slo 
044 |a xo  |c SK 
080 |a 658.788.4(437.6):621.798.147:678.742.2  |2 UDC-MRF-SK2 
080 |a 621.798.147:678.742.2  |2 UDC-MRF-SK2 
080 |a 628.4.043(437.6)  |2 UDC-MRF-SK2 
245 0 0 |a [Zálohovanie plastových obalov]  |c Andrea Hinková-Dibarborová ... [et al.] 
300 |b Fotogr. 
505 1 |a Kompromisy už neberieme -- Porovnáva sa neporovnateľné -- Billa súhlasí so zálohami ... 
650 0 7 |a jednorazové plastové obaly  |2 snkbucl  |9 1191518 
650 0 7 |a obaly  |2 snkbucl  |9 16768 
650 0 7 |a obalový odpad  |2 snkbucl  |9 71017 
650 0 7 |a zálohovanie obalov  |2 snkbucl  |9 121537 
655 7 |a články z novín a časopisov  |2 snkbucl  |9 267496 
700 1 |a Hinková-Dibarborová, Andrea  |4 aut  |4 ain  |9 826269 
700 1 |a Ďurček, Adrián  |4 aut  |4 uin  |9 842245 
700 1 |a Krasnec, Peter,  |d 1974-  |4 aut  |4 uin  |9 113223 
700 1 |a Šikula, Martin  |4 aut  |4 uin  |9 1191628 
773 0 |x 1335-2008  |t Obchod  |g Roč. 8, máj (2003), s. 36-40 
850 |a Slovenská národná knižnica v Martine 
852 |a SNK  |b KIS3GCP 
958 |a RBX 
999 |c 2071345  |d 2073275